Seis años: la desmaterialización del objeto artístico de 1996 a 1972

Shranjeno v:
Bibliografske podrobnosti
Glavni avtor: Lippard, Lucy R. (autora)
Format: Knjiga
Jezik:španščina
Izdano: Madrid Akal 2004
Serija:Akal Arte Contemporáneo, 14
Teme:
Oznake: Označite
Brez oznak, prvi označite!

MARC

LEADER 00000nam a2200000 a 4500
001 UCI5924
003 CL-VaPUC
008 080411e20040000SP |||||||||||||||||spa|d
020 |a 8446011751 
082 0 4 |a 709.04  |b LIP  |2 21 
100 |a Lippard, Lucy R.  |e autora  |9 528584 
245 1 0 |a Seis años: la desmaterialización del objeto artístico de 1996 a 1972 
300 |a 378 p 
942 |c BK 
945 |d 20080411 00:00:00  |a jtorresc 
260 |a Madrid  |b Akal  |c 2004 
650 0 |a Arte contemporáneo  |9 338008 
650 0 |a Arte conceptual  |9 341272 
650 0 |a Arte moderno  |9 265333 
650 0 |a Estilos artísticos  |9 340996 
650 0 |a Arte   |y Siglo 20  |9 267709 
583 |a last modification  |c 20080411 00:00:00  |k Rodrigo Vera 
490 0 |a Akal Arte Contemporáneo, 14 
999 |c 329564  |d 329562 
952 |0 0  |1 0  |4 0  |6 709_040000000000000_LIP_2004  |7 0  |8 R  |9 414459  |a BIBART  |b BIBART  |d 2019-11-22  |i 4426134  |o 709.04 LIP 2004  |p 4426134  |r 2025-03-13  |w 2019-11-22  |y BK_R  |k ART